|
|
|
|
| LEADER |
00000nam a2200000 a 4500 |
| 001 |
vtls001333972 |
| 003 |
SK-MaSNL |
| 005 |
20260301065944.0 |
| 008 |
240314s1889 xx 0 und |
| 035 |
|
|
|a SNK000286902
|
| 040 |
|
|
|a SNK
|b slo
|c SNK
|e AACR2
|
| 041 |
0 |
|
|a und
|
| 044 |
|
|
|a xx
|
| 100 |
1 |
|
|a Sebesztha, Karol
|4 aut
|9 385453
|
| 245 |
1 |
0 |
|a Zemepis pre slovenské elementarné školy.
|
| 260 |
|
|
|a Budapest
|b Méhner Vilmos
|c 1889
|
| 300 |
|
|
|a 40 s.
|
| 958 |
|
|
|a ONDV
|
| 999 |
|
|
|c 632594
|d 634524
|
| 952 |
|
|
|a SNK
|b SNK
|y VYP
|7 0
|p 17A0515918
|o snkSD 2884 D1
|0 0
|1 0
|4 0
|d 2006-09-08
|l 0
|r 2026-02-23 17:28:37
|w 2026-02-23
|
| 952 |
|
|
|t P60, <03>, [BOOK], {603}
|a SNK
|b SNK
|y PREZ
|7 0
|p 17A0145008
|o snkSD 2884
|0 0
|1 0
|4 0
|d 1998-06-11
|l 0
|r 2025-10-31 00:00:00
|w 2026-02-23
|